000 00622nam a2200205Ii 4500
001 7485
003 CO-ViMGA
008 241108s9999||||xx |||||||||||||| ||und||
040 _aCO-ViMGA
_bspa
_erda
_cCO-ViMGA
041 0 _aunk
082 0 4 _a986.105-M632
100 1 _aJosé María De Mier Riaño
_955582
245 1 0 _a<La> gran Colombia
264 1 _a[Lugar de publicación no identificado] : Presidencia de la república, 1983
300 _avolumen
336 _atext
_btxt
_2rdacontent
337 _aunmediated
_bn
_2rdamedia
338 _avolume
_bnc
_2rdacarrier
940 _aidficha_siabuc: 7312. -- ficha_no_siabuc:7485
999 _c53182
_d53182